Psychopathology: Foundations for a contemporary understanding (Record no. 26989)

MARC details
000 -LEADER
fixed length control field 00512nam a2200181Ia 4500
008 - FIXED-LENGTH DATA ELEMENTS--GENERAL INFORMATION
fixed length control field 230917s9999||||xx |||||||||||||| ||und||
020 ## - ISBN
Price GBP47.99
040 ## - CATALOGING SOURCE
-- 247863
Original cataloging agency VIVEKANANDA LIBRARY
041 ## - Language
-- English
082 ## - DDC NUMBER
Classification number 616.89 M264P(4)
100 ## - MAIN ENTRY--PERSONAL NAME
Personal name Maddux, James E, ed.
245 #0 - TITLE STATEMENT
Title Psychopathology: Foundations for a contemporary understanding
250 ## - EDITION STATEMENT
Edition statement 4th ed.
260 ## - PUBLICATION, DISTRIBUTION, ETC. (IMPRINT)
Place of publication, distribution, etc New York
Name of publisher, distributor, etc Routledge
Date of publication, distribution, etc 2016
300 ## - PHYSICAL DESCRIPTION
Pages xii, 494 p.
500 ## - GENERAL NOTE
General note 3146 31/05/2018 HBD18/7405 31/05/2018 Main Budget
942 ## - ADDED ENTRY ELEMENTS (KOHA)
Koha item type Books
Holdings
Withdrawn status Lost status Damaged status Not for loan Location (home branch) Sublocation or collection (holding branch) Date acquired Koha issues (times borrowed) Koha full call number Accession No. Koha date last seen Koha item type
        VIVEKANANDA LIBRARY VIVEKANANDA LIBRARY 17/06/2018   616.89 M264P(4) 372995 17/09/2023 Books
© Designed and Maintained by Vivekananda Library, MDU Rohtak